Loading...

Classroom interaction

Bibliographic Details
Main Author: Malamah-Thomas, Ann
Format: Printed Book
Language:English
Published: Great Britain, ELBS with Oxford University Press
1991
Subjects:
LEADER 005500000a22001930004500
020 |a 0194421341 
041 |a eng 
082 |a 421 N1 
100 |a Malamah-Thomas, Ann  |9 108283 
245 |a Classroom interaction 
260 |a Great Britain, ELBS with Oxford University Press 
260 |a 1991 
465 |a P 1.40 
650 |a Communication  |9 125304 
650 |a English Language  |9 125305 
650 |a Interaction  |9 125306 
942 |c BK 
999 |c 169601  |d 169597 
952 |0 0  |1 0  |4 0  |7 0  |9 168005  |a SPS  |b SPS  |d 2019-04-16  |l 0  |p SPS02981  |r 2019-04-16  |w 2019-04-16  |y BK